000 00515nam a2200181Ia 4500
005 20250508153043.0
008 008 250505s9999 xx 000 0 eng d
037 _aTextual
040 _aFEDL
_beng
_cFEDL
041 _aeng
_2eng
084 _a311, DUB
_qFEDL
100 _aDuBois Philip H.
_9763065
245 0 _aMultivariate correlational analysis
260 _aNew York, USA
_bHarper and Brothers Publishers
_c1957
300 _axv,202p
942 _cTEXL
_h311, DUB
999 _c1340402
_d1340402